000 nam a22 a 4500
999 _c59927
_d59927
003 BLK
005 20221019170400.0
008 180408b bul|||||r ||||||| ||bul||
040 _aBLK
041 _aBUL
_cBUL
080 _aСтроителна механика. Методи за изчисляване на строителните конструкции
_b624.04
_x(075.8)
_z624.04(075.8)
100 1 _aКарамански, Тодор Димитров
_eпърви автор
_9289414
139 _aКарамански, Тодор Димитров и др.
245 1 0 _aМетодично ръководство за решаване на задачи по строителна статика
_bЗа студентите от ВИСИ
_cТодор Д. Карамански, Рангел П. Рангелов.
250 _a4. изд.
257 _aBGR
260 _aСофия
_bТехника
_c1976
300 _a528 с.
_bс черт.
_c24 см
380 _a62
500 _a1. изд. 1959. - Библиогр. с. 522. - Прил. Приложения към методично ръководство за решаване на задачи по строителна статистика. - 39 с. : с черт., табл.
530 _aПриложение към Методично ръководство за решаване на задачи по строителна статика
650 4 _aСтатистика, строителна
_9289416
653 7 _9197606
_aстроителна статика
653 0 _9467016
_aметодическо ръководство
700 1 _aРангелов, Рангел Петров
_eсъавт.
_9289415
852 _aЦб 82678
_bЦб
856 4 _qpdf
_i0.00
_ldisable
942 _cKNG
_n0
_s1
944 _aCR
_c13.06.2004
_kГеновева_Генчева
944 _aED
_c2022-10-19
999 _d59927